000 01309nam a2200349 a 4500
001 000024573
005 20250701132841.0
008 110131s1993 ag a r 001 0 spa d
020 _a9504000940
040 _aDO-SdBNP
_bspa
_cBNPHU
041 1 7 _aspa
_heng
_2Código de idioma MARC
082 _a338.9
_bP662s
100 1 _aPiore, Michael J.
_950385
240 1 0 _aThe second industrial divide. Posibilities for prosperity.
_lEspañol.
245 1 3 _aLa segunda ruptura industrial /
_cMichael J. Piore y Charles F. Sabel ; versión española de María Esther Rabasco y Luis Toharia.
260 _aBuenos Aires, (Argentina) :
_bAlianza Editorial,
_c1993.
300 _a455 p. :
_bil. ;
_c20 cm.
490 1 _aAlianza
_v19
490 1 _aEstudios
500 _aIncluye referncias bibliográficas
500 _aIncluye notas al pie de las páginas
534 _aTítulo original:
_tThe second industrial divide. Posibilities for prosperity.
650 4 _aCrecimiento económico
_98530
650 0 _aDesarrollo económico
_985548
650 0 _aIndustrialización
_950386
650 4 _aPlanificación económica
_96641
700 1 _aSabel, Charles F.
_950387
700 1 _aRabasco, María Esther
_950388
700 1 _aToharia, Luis
_947803
830 0 _aAlianza ;
_pestudio
_v19
_950389
049 _aBNGR
999 _c24066
_d24066